MARC

LEADER 00000nam0a2200000 4500
001 62941
005 20231101212031.0
010 |a 5741802435 
035 |a (RuTPU)RU\TPU\book\66762 
090 |a 62941 
100 |a 20040423d2003 km y0rusy50 ca 
101 0 |a rus 
102 |a RU 
105 |a a z 011zy 
200 1 |a Теоретические основы химии угля  |f А. М. Гюльмалиев, Г. С. Головин, Т. Г. Гладун 
210 |a Москва  |c Изд-во Московского гос. горного ун-та  |d 2003 
215 |a 556 с.  |c ил. 
300 |a Посвящается 70-летию образования Института горючих ископаемых. 
320 |a Библиогр.: с. 478-484. 
606 1 |a Углехимия  |2 stltpush  |3 (RuTPU)RU\TPU\subj\62428  |9 79504 
610 1 |a химическая технология 
610 1 |a уголь 
610 1 |a происхождение 
610 1 |a химический анализ 
610 1 |a строение 
610 1 |a спектроскопический анализ 
610 1 |a рентгенографический анализ 
610 1 |a молекулярные системы 
610 1 |a внутренняя энергия 
610 1 |a температурная зависимость 
610 1 |a органическая масса 
610 1 |a соединения 
610 1 |a физико-химические свойства 
610 1 |a переработка 
610 1 |a химия 
675 |a 662.66  |v 3 
700 1 |a Гюльмалиев  |b А. М.  |g Агаджан Мирзоевич 
701 1 |a Головин  |b Г. С.  |g Георгий Сергеевич 
701 1 |a Гладун  |b Т. Г.  |g Татьяна Геннадьевна 
801 1 |a RU  |b 63413507  |c 20040423  |g PSBO 
801 2 |a RU  |b 63413507  |c 20201021  |g PSBO 
900 |a Теоретические основы химической технологии топлива и углеродных материалов 
942 |c BK 
959 |a 172/20041209  |d 2  |e 550  |f ЧЗТЛ:2